[Event "2. Bundesliga Mitte 2013/2014"]
[Site "Steyregg"]
[Date "2014.04.04"]
[Round "9"]
[Board "4"]
[White "Ebner, Hubert"]
[Black "Enoeckl, Philipp"]
[Result "1/2-1/2"]
[WhiteElo "2244"]
[BlackElo "2339"]
[PlyCount "81"]
[EventDate "2013.10.04"]
[EventType "team"]
[EventRounds "11"]
[EventCountry "AUT"]
[WhiteTeam "ESV Austria Graz"]
[BlackTeam "SV Steyregg"]

1. d4 Nf6 2. c4 g6 3. Nc3 Bg7 4. e4 d6 5. Be2 O-O 6. Nf3 e5 7. O-O Nc6 8. Be3
Ng4 9. Bg5 f6 10. Bh4 g5 11. Bg3 Nh6 12. dxe5 fxe5 13. h3 g4 14. hxg4 Bxg4 15.
c5 Bxf3 16. Qd5+ Nf7 17. Bxf3 Nd4 18. Bd1 c6 19. Qc4 b5 20. cxb6 axb6 21. Ne2
b5 22. Qd3 Ne6 23. Bb3 Nc5 24. Qc2 Kh8 25. Bxf7 Rxf7 26. b4 Na6 27. Qxc6 Nxb4
28. Qxb5 Nxa2 29. Rfd1 Rfa7 30. Rab1 Qc7 31. Rd2 Bf8 32. Qb3 Ra3 33. Qe6 Nc3
34. Nxc3 Rxc3 35. Bh4 Rc1+ 36. Rd1 Rxb1 37. Rxb1 Bg7 38. Bf6 Rg8 39. g3 Rf8 40.
Bxg7+ Kxg7 41. Qg4+ 1/2-1/2

[Event "2. Bundesliga Mitte 2013/2014"]
[Site "Steyregg"]
[Date "2014.04.04"]
[Round "9"]
[Board "5"]
[White "Wiesinger, Robert"]
[Black "Schrittwieser, Herbert"]
[Result "1/2-1/2"]
[WhiteElo "2252"]
[BlackElo "2184"]
[PlyCount "104"]
[EventDate "2013.10.04"]
[EventType "team"]
[EventRounds "11"]
[EventCountry "AUT"]
[WhiteTeam "SV Steyregg"]
[BlackTeam "ESV Austria Graz"]

1. e4 {[%emt 0:00:00]} e5 {[%emt 0:00:00]} 2. Nf3 Nf6 3. Nc3 Nc6 4. d4 exd4 5.
Nxd4 Bb4 6. Nxc6 bxc6 7. Bd3 O-O 8. O-O d5 9. exd5 cxd5 10. Bg5 c6 11. h3 h6
12. Bh4 Re8 13. Ne2 Be7 14. Nd4 Bd7 15. Re1 c5 16. Nf5 Bxf5 17. Bxf5 Qd6 18.
Qf3 g6 19. Bd3 c4 20. Bf1 Ne4 21. Bxe7 Qxe7 22. b3 cxb3 23. axb3 Qc5 24. c4 Nd2
25. Qxd5 Qxd5 26. Rxe8+ Rxe8 27. cxd5 Nxb3 28. Rxa7 Re1 29. f3 Nd2 30. Kf2
Rxf1+ 31. Ke2 Rc1 32. Kxd2 Rc5 33. Rd7 Kf8 34. Kd3 Ke8 35. Kd4 Rc2 36. Ra7 Rxg2
37. Ke5 Rf2 38. f4 Kf8 39. Ra8+ Kg7 40. Ra7 Kf8 41. Ra8+ Ke7 42. d6+ Kd7 43.
Rf8 Re2+ 44. Kf6 Re6+ 45. Kxf7 Rxd6 46. Rg8 Rd4 47. Kxg6 Rxf4 48. Kh5 Ke7 49.
Rg6 Kf7 50. Rxh6 Kg7 51. Rg6+ Kh7 52. Rg5 Rf3 1/2-1/2

[Event "2. Bundesliga Mitte 2013/2014"]
[Site "Steyregg"]
[Date "2014.04.04"]
[Round "9"]
[Board "6"]
[White "Aschenbrenner, Robert"]
[Black "Holzmann, Herbert"]
[Result "1/2-1/2"]
[WhiteElo "2279"]
[BlackElo "2097"]
[PlyCount "82"]
[EventDate "2013.10.04"]
[EventType "team"]
[EventRounds "11"]
[EventCountry "AUT"]
[WhiteTeam "ESV Austria Graz"]
[BlackTeam "SV Steyregg"]

1. d4 Nf6 2. c4 d6 3. Nf3 g6 4. Nc3 Bg7 5. e4 O-O 6. Be2 Na6 7. O-O e5 8. d5
Nc5 9. Qc2 a5 10. b3 Nh5 11. Bg5 f6 12. Be3 f5 13. Bxc5 dxc5 14. exf5 e4 15.
Nxe4 Bxa1 16. Rxa1 Bxf5 17. Nfd2 Ng7 18. Qc3 b6 19. g4 Bxe4 20. Nxe4 Qe7 21.
Bf3 Rae8 22. Bg2 g5 23. Rd1 Qe5 24. Qxe5 Rxe5 25. d6 cxd6 26. Nxd6 Rd8 27. Bd5+
Kf8 28. Nb5 Ne6 29. h3 Nf4 30. Nc3 Ne2+ 31. Nxe2 Rxe2 32. Rd3 Rd6 33. Rf3+ Ke8
34. a4 h6 35. Kg2 Re5 36. Kg3 Kd7 37. h4 Ke7 38. hxg5 hxg5 39. Rf7+ Ke8 40. Rg7
Rf6 41. Rg8+ Kd7 1/2-1/2

[Event "2. Bundesliga Mitte 2013/2014"]
[Site "Steyregg"]
[Date "2014.04.04"]
[Round "9"]
[Board "1"]
[White "Haba, Petr"]
[Black "Horvath, Adam"]
[Result "1/2-1/2"]
[WhiteElo "2498"]
[BlackElo "2528"]
[PlyCount "61"]
[EventDate "2013.10.04"]
[EventType "team"]
[EventRounds "11"]
[EventCountry "AUT"]
[WhiteTeam "Spg. Grieskirchen/Sedda B.Schallerbach"]
[BlackTeam "RbEJ Gleisdorf"]

1. d4 {[%emt 0:00:00]} Nf6 {[%emt 0:00:00]} 2. c4 e6 3. g3 Bb4+ 4. Nd2 O-O 5.
Bg2 d5 6. Ngf3 dxc4 7. O-O b5 8. a4 c6 9. axb5 cxb5 10. Ng5 Nd5 11. e4 Qxg5 12.
exd5 exd5 13. Nxc4 Qd8 14. Ne3 Be6 15. Bd2 Bxd2 16. Qxd2 Nc6 17. Ra6 Rc8 18. f4
f5 19. Rc1 Nxd4 20. Rd1 Nb3 21. Qb4 Nc5 22. Rxa7 Qb6 23. Qa5 Qxa5 24. Rxa5 Ne4
25. Rxb5 Rb8 26. Rxb8 Rxb8 27. Nxd5 Bxd5 28. Rxd5 Rxb2 29. Bxe4 fxe4 30. Re5
Rb1+ 31. Kf2 1/2-1/2

[Event "2. Bundesliga Mitte 2013/2014"]
[Site "Steyregg"]
[Date "2014.04.04"]
[Round "9"]
[Board "2"]
[White "Horvath, Tamas"]
[Black "Kilgus, Georg"]
[Result "0-1"]
[WhiteElo "2392"]
[BlackElo "2430"]
[PlyCount "90"]
[EventDate "2013.10.04"]
[EventType "team"]
[EventRounds "11"]
[EventCountry "AUT"]
[WhiteTeam "RbEJ Gleisdorf"]
[BlackTeam "Spg. Grieskirchen/Sedda B.Schallerbach"]

1. e4 {[%emt 0:00:00]} d6 2. d4 Nf6 3. Nc3 g6 4. Bg5 Bg7 5. f4 O-O 6. Qd2 c6 7.
Nf3 b5 8. Bd3 Bg4 9. O-O Qb6 10. Ne2 Nbd7 11. Kh1 d5 12. exd5 cxd5 13. Qe3 e6
14. h3 Bf5 15. Ne5 Bxd3 16. Qxd3 Rfc8 17. a3 a5 18. Nc3 b4 19. Na4 Qc7 20. c3
Bf8 21. axb4 axb4 22. cxb4 Bxb4 23. Bh4 Qc2 24. b3 Qxd3 25. Nxd3 Bd6 26. Ne5
Rab8 27. Rac1 Bxe5 28. fxe5 Ne4 29. Kh2 g5 30. Rxc8+ Rxc8 31. Bf2 Rb8 32. Bg1
Rxb3 33. Rc1 Rb4 34. Rc8+ Kg7 35. Nc5 Rc4 36. Rc7 Nexc5 37. dxc5 Nxe5 38. Rc8
d4 39. Rd8 Rxc5 40. Bxd4 Ra5 41. Rb8 Rd5 42. Bc3 h5 43. Rb2 Kg6 44. Rf2 Nd7 45.
Ra2 h4 0-1

[Event "2. Bundesliga Mitte 2013/2014"]
[Site "Steyregg"]
[Date "2014.04.04"]
[Round "9"]
[Board "3"]
[White "Schwabeneder, Florian"]
[Black "Sandner, Wolfgang"]
[Result "1-0"]
[WhiteElo "2353"]
[BlackElo "2206"]
[PlyCount "43"]
[EventDate "2013.10.04"]
[EventType "team"]
[EventRounds "11"]
[EventCountry "AUT"]
[WhiteTeam "Spg. Grieskirchen/Sedda B.Schallerbach"]
[BlackTeam "RbEJ Gleisdorf"]

1. e4 e5 2. Nf3 Nc6 3. Bb5 a6 4. Ba4 Nf6 5. O-O b5 6. Bb3 Bc5 7. a4 Rb8 8. axb5
axb5 9. Nxe5 Nxe5 10. d4 Bxd4 11. Qxd4 d6 12. f4 Ng6 13. c4 O-O 14. Nc3 bxc4
15. Bxc4 Ne7 16. b3 Be6 17. Nd5 Nc6 18. Qd3 Nd7 19. Bb2 Re8 20. Ra6 Ne7 21. Qg3
Ng6 22. f5 1-0

[Event "2. Bundesliga Mitte 2013/2014"]
[Site "Steyregg"]
[Date "2014.04.04"]
[Round "9"]
[Board "4"]
[White "Horvath, Sandor"]
[Black "Singer, Christoph"]
[Result "1-0"]
[WhiteElo "2263"]
[BlackElo "2341"]
[PlyCount "125"]
[EventDate "2013.10.04"]
[EventType "team"]
[EventRounds "11"]
[EventCountry "AUT"]
[WhiteTeam "RbEJ Gleisdorf"]
[BlackTeam "Spg. Grieskirchen/Sedda B.Schallerbach"]

1. e4 {[%emt 0:00:00]} e5 {[%emt 0:00:00]} 2. Nf3 Nc6 3. Nc3 Nf6 4. d4 exd4 5.
Nxd4 Bb4 6. Nxc6 bxc6 7. Bd3 O-O 8. O-O d5 9. exd5 cxd5 10. Bg5 c6 11. Qf3 Bd6
12. Bxf6 Qxf6 13. Qxf6 gxf6 14. Ne2 Be5 15. c3 Rb8 16. b3 Re8 17. Rac1 c5 18.
Rfd1 Bg4 19. h3 Be6 20. f4 Bc7 21. Kf2 c4 22. Bc2 f5 23. g3 Kg7 24. Nd4 Kf6 25.
Kf3 h5 26. b4 Bd7 27. a4 a6 28. a5 Re7 29. Re1 Rbe8 30. Rxe7 Rxe7 31. Rd1 Re8
32. h4 Bb8 33. Kf2 Ba7 34. Rd2 Kg6 35. Bd1 Bc6 36. Bc2 Bd7 37. Rd1 Kf6 38. Rd2
Kg6 39. Bd1 Bc6 40. Bf3 f6 41. Kg2 Bxd4 42. Rxd4 Re3 43. Bxd5 Bxd5+ 44. Rxd5
Rxc3 45. Rc5 Rc2+ 46. Kf3 c3 47. Ke3 Rg2 48. Rxc3 Rxg3+ 49. Kd4 Rg4 50. Kc5
Rxf4 51. Rc4 Rf1 52. Kb6 f4 53. Kxa6 Kf5 54. b5 Rb1 55. b6 f3 56. Rc2 Kg4 57.
b7 Kxh4 58. Ka7 Kg3 59. b8=Q+ Rxb8 60. Kxb8 h4 61. a6 h3 62. a7 h2 63. Rc1 1-0

[Event "2. Bundesliga Mitte 2013/2014"]
[Site "Steyregg"]
[Date "2014.04.04"]
[Round "9"]
[Board "5"]
[White "Lentrodt, Thomas"]
[Black "Knoll, Martin"]
[Result "1/2-1/2"]
[WhiteElo "2282"]
[BlackElo "2051"]
[PlyCount "60"]
[EventDate "2013.10.04"]
[EventType "team"]
[EventRounds "11"]
[EventCountry "AUT"]
[WhiteTeam "Spg. Grieskirchen/Sedda B.Schallerbach"]
[BlackTeam "RbEJ Gleisdorf"]

1. d4 f5 2. e4 fxe4 3. Nc3 Nf6 4. Bg5 c6 5. Bxf6 exf6 6. Nxe4 d5 7. Ng3 Bd6 8.
Bd3 Qe7+ 9. N1e2 O-O 10. O-O f5 11. Re1 Qh4 12. Nf1 f4 13. f3 Qg5 14. Kh1 Nd7
15. c4 Nf6 16. Nc3 dxc4 17. Bxc4+ Kh8 18. Qb3 Bf5 19. Be6 Bd3 20. Rad1 Bxf1 21.
Rxf1 Rae8 22. Rfe1 Re7 23. Ne4 Nxe4 24. Rxe4 Qh4 25. Qc2 Rfe8 26. Bf5 g6 27.
Rxe7 Qxe7 28. Be4 Qf6 29. h3 Rd8 30. Qb3 Qe7 1/2-1/2

[Event "2. Bundesliga Mitte 2013/2014"]
[Site "Steyregg"]
[Date "2014.04.04"]
[Round "9"]
[Board "6"]
[White "Ofner, Maximilian"]
[Black "Schueller, Ernst"]
[Result "1-0"]
[WhiteElo "2077"]
[BlackElo "2204"]
[PlyCount "143"]
[EventDate "2013.10.04"]
[EventType "team"]
[EventRounds "11"]
[EventCountry "AUT"]
[WhiteTeam "RbEJ Gleisdorf"]
[BlackTeam "Spg. Grieskirchen/Sedda B.Schallerbach"]

1. e4 {[%emt 0:00:00]} d6 2. d4 Nf6 3. Bd3 e5 4. Nf3 Nbd7 5. c3 Be7 6. O-O O-O
7. Nbd2 c6 8. Re1 Qc7 9. Nf1 b5 10. a4 Rb8 11. axb5 cxb5 12. Bg5 h6 13. Bh4 a6
14. Ne3 Nb6 15. dxe5 dxe5 16. Nxe5 Na4 17. Bxf6 Bxf6 18. N5g4 Bxg4 19. Qxg4 g6
20. Nd5 Qd8 21. Bc2 Bg7 22. Bxa4 bxa4 23. Rxa4 Rxb2 24. Rxa6 Re8 25. Rea1 Qb8
26. g3 Rb1+ 27. Kg2 Rxa1 28. Rxa1 Qb7 29. h4 h5 30. Qf3 Be5 31. Ra4 Kg7 32. Rb4
Qc6 33. Rb6 Qc4 34. Rb7 Rf8 35. Ra7 Qc6 36. Qd3 Qc5 37. Rb7 Rc8 38. Qf3 Rf8 39.
Re7 Qd6 40. Qe3 Rc8 41. Qa7 Rf8 42. c4 Bf6 43. c5 Qc6 44. Qd7 Qxd7 45. Rxd7 Rc8
46. Rc7 Ra8 47. Nxf6 Kxf6 48. Kf3 Ra3+ 49. Kf4 Ke6 50. Rc6+ Kd7 51. Rd6+ Ke7
52. Ke5 Rf3 53. Rd2 f6+ 54. Kd5 Kd7 55. c6+ Kc7 56. Rc2 g5 57. hxg5 fxg5 58. e5
h4 59. gxh4 gxh4 60. Ke4 Rf8 61. f4 Rh8 62. Kf3 Rg8 63. f5 h3 64. Rh2 Re8 65.
e6 Rh8 66. Kg4 Rg8+ 67. Kf4 Rh8 68. e7 Kxc6 69. Rxh3 Ra8 70. f6 Kd7 71. Kf5 Ke8
72. Kg6 1-0

[Event "2. Bundesliga Mitte 2013/2014"]
[Site "Steyregg"]
[Date "2014.04.04"]
[Round "9"]
[Board "1"]
[White "Kreisl, Robert"]
[Black "Poetz, Florian"]
[Result "1/2-1/2"]
[WhiteElo "2435"]
[BlackElo "2431"]
[PlyCount "60"]
[EventDate "2013.10.04"]
[EventType "team"]
[EventRounds "11"]
[EventCountry "AUT"]
[WhiteTeam "SC MPOE Maria Saal II"]
[BlackTeam "SK Sparkasse Fuerstenfeld"]

1. Nf3 {[%emt 0:00:00]} c5 2. c4 Nc6 3. Nc3 g6 4. e3 Nf6 5. d4 cxd4 6. exd4 d5
7. cxd5 Nxd5 8. Qb3 Nxc3 9. Bc4 Nd5 10. Bxd5 e6 11. Bxc6+ bxc6 12. O-O f6 13.
Be3 Qd5 14. Nd2 Be7 15. Rfc1 O-O 16. Qc2 Bd7 17. Nb3 Rfc8 18. Nc5 Be8 19. b3 g5
20. Qc4 Bxc5 21. Qxc5 Qxc5 22. Rxc5 Rab8 23. Ra5 Rb7 24. Rc1 Rd8 25. f3 Kf7 26.
Kf2 Rd5 27. Rxd5 exd5 28. Bd2 a6 29. Rc5 Rb5 30. Rxb5 cxb5 1/2-1/2

[Event "2. Bundesliga Mitte 2013/2014"]
[Site "Steyregg"]
[Date "2014.04.04"]
[Round "9"]
[Board "2"]
[White "Kuba, Guenter"]
[Black "Handler, Lukas"]
[Result "1-0"]
[WhiteElo "2378"]
[BlackElo "2388"]
[PlyCount "65"]
[EventDate "2013.10.04"]
[EventType "team"]
[EventRounds "11"]
[EventCountry "AUT"]
[WhiteTeam "SK Sparkasse Fuerstenfeld"]
[BlackTeam "SC MPOE Maria Saal II"]

1. e4 e5 2. Nf3 Nc6 3. Nc3 Nf6 4. d4 exd4 5. Nxd4 Bb4 6. Nxc6 bxc6 7. Bd3 d5 8.
exd5 cxd5 9. O-O O-O 10. Bg5 c6 11. Na4 h6 12. Bh4 Bd6 13. c4 Rb8 14. Re1 Be6
15. Rc1 Bb4 16. Rf1 Re8 17. cxd5 cxd5 18. b3 Bd6 19. Re1 Rb4 20. Bg3 Bxg3 21.
hxg3 h5 22. Qe2 Ng4 23. f3 Nh6 24. Qf2 d4 25. Rc5 Rb7 26. Rxh5 Qd6 27. g4 Bd7
28. g5 Bxa4 29. bxa4 Rxe1+ 30. Qxe1 Re7 31. Qf2 Re3 32. Qc2 Kf8 33. gxh6 1-0

[Event "2. Bundesliga Mitte 2013/2014"]
[Site "Steyregg"]
[Date "2014.04.04"]
[Round "9"]
[Board "3"]
[White "Hartl, Daniel"]
[Black "Feher, Adam"]
[Result "0-1"]
[WhiteElo "2286"]
[BlackElo "2395"]
[PlyCount "84"]
[EventDate "2013.10.04"]
[EventType "team"]
[EventRounds "11"]
[EventCountry "AUT"]
[WhiteTeam "SC MPOE Maria Saal II"]
[BlackTeam "SK Sparkasse Fuerstenfeld"]

1. d4 Nf6 2. c4 e6 3. Nf3 d5 4. g3 Bb4+ 5. Bd2 Be7 6. Bg2 c6 7. O-O Nbd7 8. Qc2
b6 9. Ne5 Nxe5 10. dxe5 Nd7 11. cxd5 cxd5 12. e4 d4 13. Qa4 O-O 14. Qxd4 Bc5
15. Qa4 Nxe5 16. Bc3 Bd7 17. Qc2 Nc6 18. Rd1 Qe7 19. e5 Rac8 20. a3 Nd4 21.
Bxd4 Bxd4 22. Qe4 Bxb2 23. Ra2 Bc6 24. Qe3 Ba4 25. Re1 Rc2 26. Be4 Bc1 27.
Bxh7+ Kh8 28. Rxc1 Rxa2 29. Bd3 Rd8 30. Bc4 Rc2 31. Rxc2 Bxc2 32. Nd2 Qc5 33.
Qg5 Rxd2 34. Qxd2 Qxc4 35. Qd8+ Kh7 36. f4 Qc5+ 37. Kf1 Bf5 38. Qh4+ Kg8 39.
Qd8+ Qf8 40. Qc7 Qxa3 41. Qd8+ Qf8 42. Qc7 Qa8 0-1

[Event "2. Bundesliga Mitte 2013/2014"]
[Site "Steyregg"]
[Date "2014.04.04"]
[Round "9"]
[Board "4"]
[White "Radnetter, Georg"]
[Black "Halvax, Georg"]
[Result "1/2-1/2"]
[WhiteElo "2257"]
[BlackElo "2314"]
[PlyCount "63"]
[EventDate "2013.10.04"]
[EventType "team"]
[EventRounds "11"]
[EventCountry "AUT"]
[WhiteTeam "SK Sparkasse Fuerstenfeld"]
[BlackTeam "SC MPOE Maria Saal II"]

1. Nf3 Nf6 2. g3 d5 3. Bg2 e6 4. O-O b6 5. c4 Bb7 6. cxd5 exd5 7. d4 Be7 8. Nc3
O-O 9. Bf4 Ne4 10. Qb3 Nxc3 11. bxc3 Nd7 12. c4 Nf6 13. c5 Ne4 14. Ne5 Bf6 15.
c6 Ba6 16. Qc2 Bxe5 17. dxe5 Nc5 18. Rfd1 d4 19. Be3 Ne6 20. Bf3 Qe7 21. Bxd4
Nxd4 22. Rxd4 Qxe5 23. Rad1 Bc8 24. Qd3 Be6 25. Bd5 Rae8 26. f4 Qf6 27. Bf3
Bxa2 28. Qa3 Be6 29. Qxa7 Qe7 30. Qa1 Qc5 31. Kg2 Bc4 32. R1d2 1/2-1/2

[Event "2. Bundesliga Mitte 2013/2014"]
[Site "Steyregg"]
[Date "2014.04.04"]
[Round "9"]
[Board "5"]
[White "Rieger, Robert"]
[Black "Hatzl, Stefan"]
[Result "1/2-1/2"]
[WhiteElo "2163"]
[BlackElo "2172"]
[PlyCount "83"]
[EventDate "2013.10.04"]
[EventType "team"]
[EventRounds "11"]
[EventCountry "AUT"]
[WhiteTeam "SC MPOE Maria Saal II"]
[BlackTeam "SK Sparkasse Fuerstenfeld"]

1. e4 c5 2. Nf3 d6 3. d4 cxd4 4. Nxd4 Nf6 5. Nc3 g6 6. Be3 Bg7 7. f3 O-O 8. Bc4
Nc6 9. Qd2 Bd7 10. Bb3 Rc8 11. O-O-O Ne5 12. Kb1 Nc4 13. Bxc4 Rxc4 14. h4 h5
15. Nb3 Qc7 16. Bg5 Be6 17. Nb5 Qb8 18. Rhe1 Rfc8 19. c3 a5 20. N3d4 Bd7 21.
Na3 R4c7 22. c4 a4 23. Qb4 Rc5 24. Be3 Qc7 25. Ndb5 Rxc4 26. Nxc4 Qxc4 27. Qxc4
Rxc4 28. Nd4 Nh7 29. Rd2 Nf8 30. Rc1 Rxc1+ 31. Kxc1 Ne6 32. Kc2 Be5 33. Nxe6
Bxe6 34. b3 axb3+ 35. axb3 f5 36. exf5 Bxf5+ 37. Kd1 Be6 38. Rd3 Kf7 39. f4 Bf6
40. g3 Bd7 41. Bd4 e5 42. fxe5 1/2-1/2

[Event "2. Bundesliga Mitte 2013/2014"]
[Site "Steyregg"]
[Date "2014.04.04"]
[Round "9"]
[Board "6"]
[White "Posch, Siegfried"]
[Black "Ertl, Johann"]
[Result "0-1"]
[WhiteElo "2028"]
[BlackElo "2260"]
[PlyCount "70"]
[EventDate "2013.10.04"]
[EventType "team"]
[EventRounds "11"]
[EventCountry "AUT"]
[WhiteTeam "SK Sparkasse Fuerstenfeld"]
[BlackTeam "SC MPOE Maria Saal II"]

1. d4 Nf6 2. Nf3 g6 3. c4 Bg7 4. Nc3 O-O 5. g3 d6 6. Bg2 Nc6 7. O-O Bf5 8. d5
Na5 9. Nd2 c5 10. e4 Bg4 11. Qc2 a6 12. h3 Bd7 13. b3 b5 14. Bb2 Rb8 15. cxb5
axb5 16. e5 dxe5 17. Nce4 Nxe4 18. Nxe4 c4 19. b4 Nb7 20. Nc5 Bf5 21. Qd1 Qc8
22. g4 Nxc5 23. bxc5 Bd3 24. Re1 Qxc5 25. Rc1 Qd6 26. a3 e6 27. dxe6 Qxe6 28.
Bc3 Rfe8 29. Be4 Red8 30. Qf3 Bxe4 31. Qxe4 Qd5 32. Qxd5 Rxd5 33. f4 Ra8 34.
fxe5 Rxa3 35. e6 fxe6 0-1

[Event "2. Bundesliga Mitte 2013/2014"]
[Site "Steyregg"]
[Date "2014.04.05"]
[Round "10"]
[Board "1"]
[White "Mohr, Georg"]
[Black "Flumbort, Andras"]
[Result "1/2-1/2"]
[WhiteElo "2481"]
[BlackElo "2470"]
[PlyCount "61"]
[EventDate "2013.10.04"]
[EventType "team"]
[EventRounds "11"]
[EventCountry "AUT"]
[WhiteTeam "Strassenbahn Graz"]
[BlackTeam "ASK St. Valentin"]

1. c4 c6 2. d4 d5 3. Nf3 Nf6 4. cxd5 cxd5 5. Nc3 Nc6 6. Bf4 Bf5 7. e3 e6 8. Bd3
Bxd3 9. Qxd3 Bd6 10. Bxd6 Qxd6 11. O-O O-O 12. Rfc1 Rfc8 13. Nd2 Nd7 14. a3 Ne7
15. Rc2 Rc6 16. Rac1 Rac8 17. Na2 Rxc2 18. Rxc2 Rxc2 19. Qxc2 Qc6 20. Qxc6 Nxc6
21. Kf1 Kf8 22. Ke2 Ke7 23. Kd3 Kd6 24. Nc3 a6 25. h3 e5 26. dxe5+ Ndxe5+ 27.
Ke2 f6 28. f4 Nc4 29. Nxc4+ dxc4 30. e4 b5 31. Ke3 1/2-1/2

[Event "2. Bundesliga Mitte 2013/2014"]
[Site "Steyregg"]
[Date "2014.04.05"]
[Round "10"]
[Board "2"]
[White "Sandhoefner, Florian"]
[Black "Supancic, Darko"]
[Result "1/2-1/2"]
[WhiteElo "2271"]
[BlackElo "2334"]
[PlyCount "48"]
[EventDate "2013.10.04"]
[EventType "team"]
[EventRounds "11"]
[EventCountry "AUT"]
[WhiteTeam "ASK St. Valentin"]
[BlackTeam "Strassenbahn Graz"]

1. d4 d6 2. c4 Nf6 3. Nc3 c6 4. e4 e5 5. Nf3 Nbd7 6. Be2 Be7 7. O-O O-O 8. Qc2
a6 9. Rd1 Qc7 10. Be3 b5 11. cxb5 cxb5 12. Rac1 Qb8 13. Nd5 Nxd5 14. exd5 Bf6 {
[%emt 0:00:00]} 15. Qc7 Qxc7 16. Rxc7 e4 17. Nd2 Bd8 18. Rc6 Nf6 19. Bf4 {
[%emt 0:00:00]} Bb7 20. Bxd6 Re8 21. Rcc1 Nxd5 22. Nb3 Bg5 23. Rc5 Rad8 24. Bg3
Be7 1/2-1/2

[Event "2. Bundesliga Mitte 2013/2014"]
[Site "Steyregg"]
[Date "2014.04.05"]
[Round "10"]
[Board "3"]
[White "Krebs, Johann"]
[Black "Kranzl, Peter"]
[Result "1/2-1/2"]
[WhiteElo "2250"]
[BlackElo "2225"]
[PlyCount "137"]
[EventDate "2013.10.04"]
[EventType "team"]
[EventRounds "11"]
[EventCountry "AUT"]
[WhiteTeam "Strassenbahn Graz"]
[BlackTeam "ASK St. Valentin"]

1. d4 Nf6 2. c4 g6 3. Nc3 Bg7 4. e4 d6 5. Be2 O-O 6. Nf3 Nbd7 7. O-O e5 8. Qc2
c6 9. Rd1 Qe7 10. d5 c5 11. a3 Kh8 12. b4 b6 13. Rb1 Ng8 14. Bg5 f6 15. Bd2 f5
16. Qa4 Ndf6 17. bxc5 bxc5 18. Qc6 Bd7 19. Qc7 h6 20. exf5 gxf5 21. Rb7 Rfc8
22. Qa5 Qd8 23. Qxd8 Rxd8 24. Rdb1 Ne8 25. Bd1 e4 26. Nh4 Ne7 27. Ba4 Bf6 28.
g3 Bxa4 29. Nxa4 Kg8 30. Bxh6 Bxh4 31. gxh4 Ng6 32. Kh1 Ne5 33. h5 Nf3 34. Bf4
Nf6 35. h6 Ng4 36. Kg2 Nge5 37. Rg7+ Kh8 38. Rbb7 Rg8 39. Nc3 Nxc4 40. Nb5 Nfe5
41. Kf1 Rxg7 42. Rxg7 Rg8 43. Nxd6 Rxg7 44. hxg7+ Kxg7 45. Bxe5+ Nxe5 46. Nxf5+
Kf6 47. Nd6 Nd7 48. Nxe4+ Ke5 49. Nc3 a6 50. Ke2 Kd4 51. Kd2 Ne5 52. Kc2 Nc4
53. h4 Nxa3+ 54. Kb3 Nc4 55. h5 Nd6 56. h6 Nf7 57. h7 Ke5 58. Kc4 Kf6 59. Kxc5
Kg7 60. Kb6 Kxh7 61. Kxa6 Kg6 62. Kb6 Kf5 63. Kc5 Ne5 64. d6 Ke6 65. Ne4 Nf7
66. Kc6 Ke5 67. f3 Kf4 68. Nd2 Ke3 69. Nc4+ 1/2-1/2

[Event "2. Bundesliga Mitte 2013/2014"]
[Site "Steyregg"]
[Date "2014.04.05"]
[Round "10"]
[Board "4"]
[White "Theuretzbacher, Klaus"]
[Black "Pesorda, Ivan"]
[Result "0-1"]
[WhiteElo "2265"]
[BlackElo "2246"]
[PlyCount "92"]
[EventDate "2013.10.04"]
[EventType "team"]
[EventRounds "11"]
[EventCountry "AUT"]
[WhiteTeam "ASK St. Valentin"]
[BlackTeam "Strassenbahn Graz"]

1. e4 c5 2. Nf3 e6 3. b4 cxb4 4. a3 d5 5. e5 Nh6 6. axb4 Bxb4 7. c3 Be7 8. d4
Nf5 9. Bd3 Nc6 10. g4 Nh4 11. Nxh4 Bxh4 12. O-O h5 13. gxh5 Bg5 14. f4 Bh6 15.
Qg4 Ne7 16. Kh1 Nf5 17. Rg1 O-O 18. Ra2 Kh8 19. Qh3 Bd7 20. Rag2 Rg8 21. Bd2 b5
22. Be1 a5 23. Bxf5 exf5 24. Bh4 Qf8 25. Bg5 Ra6 26. Qh4 b4 27. Be7 Qb8 28. Bf6
Bb5 29. Qh3 Qc8 30. Rg5 Rc6 31. Qg3 Qf8 32. Qh3 Qc8 33. Qg3 Qf8 34. Qh3 Be2 35.
Qe3 Bg4 36. h3 gxf6 37. Rxg8+ Qxg8 38. hxg4 fxg4 39. cxb4 axb4 40. Qe2 f5 41.
Qb5 Rc2 42. Qd3 Qc8 43. Rg2 Rc1+ 44. Rg1 Bxf4 45. Rxc1 Qxc1+ 46. Kg2 Qe3 0-1

[Event "2. Bundesliga Mitte 2013/2014"]
[Site "Steyregg"]
[Date "2014.04.05"]
[Round "10"]
[Board "5"]
[White "Steiner, Stefan"]
[Black "Tober, Gerhard"]
[Result "1/2-1/2"]
[WhiteElo "2284"]
[BlackElo "2284"]
[PlyCount "65"]
[EventDate "2013.10.04"]
[EventType "team"]
[EventRounds "11"]
[EventCountry "AUT"]
[WhiteTeam "Strassenbahn Graz"]
[BlackTeam "ASK St. Valentin"]

1. d4 {[%emt 0:00:00]} e6 2. Nf3 c5 3. c4 cxd4 4. Nxd4 Nc6 5. Nc2 Nf6 6. g3 d5
7. Bg2 Be7 8. Nc3 O-O 9. cxd5 exd5 10. Nxd5 Nxd5 11. Qxd5 Nb4 12. Nxb4 Bxb4+
13. Bd2 Qxd5 14. Bxd5 Bxd2+ 15. Kxd2 Rd8 16. e4 Be6 17. Ke3 Bxd5 18. exd5 Rxd5
19. Rhd1 Re8+ 20. Kf3 Rf5+ 21. Kg2 h5 22. Rd2 g6 23. Rc1 Re7 24. Rc8+ Kg7 25.
f4 Rf6 26. Rcd8 Rfe6 27. Kf2 Rb6 28. R8d5 Rc6 29. Kf3 Rce6 30. Kf2 Rc6 31. Kf3
Rce6 32. Kf2 b6 33. Rd7 1/2-1/2

[Event "2. Bundesliga Mitte 2013/2014"]
[Site "Steyregg"]
[Date "2014.04.05"]
[Round "10"]
[Board "6"]
[White "Heimberger, Reinhard"]
[Black "Detter, Peter"]
[Result "1/2-1/2"]
[WhiteElo "2303"]
[BlackElo "2069"]
[PlyCount "82"]
[EventDate "2013.10.04"]
[EventType "team"]
[EventRounds "11"]
[EventCountry "AUT"]
[WhiteTeam "ASK St. Valentin"]
[BlackTeam "Strassenbahn Graz"]

1. d4 d5 2. g3 Nf6 3. Bg2 e6 4. Nf3 Be7 5. O-O O-O 6. c4 dxc4 7. Nbd2 b5 8. a4
c6 9. e4 Bb7 10. e5 Nd5 11. Ne4 Nd7 12. Bg5 Bxg5 13. Nfxg5 h6 14. Nf3 Qe7 15.
Nd6 Ba6 16. Qc2 N7b6 17. axb5 Bxb5 18. Nd2 c3 19. Nxb5 cxb5 20. bxc3 Rac8 21.
Bxd5 Nxd5 22. Ne4 Nxc3 23. Nxc3 b4 24. Qa2 bxc3 25. Qxa7 Qxa7 26. Rxa7 Rfd8 27.
Ra4 c2 28. Rc1 Rc3 29. Ra2 Rxd4 30. Raxc2 Rxc2 31. Rxc2 Rd5 32. f4 g6 33. Kg2
h5 34. Kf3 Kg7 35. g4 hxg4+ 36. Kxg4 Rd1 37. Rg2 Rd8 38. h4 Rh8 39. Kh3 Ra8 40.
Rg3 Ra1 41. Kg4 Kh6 1/2-1/2

[Event "2. Bundesliga Mitte 2013/2014"]
[Site "Steyregg"]
[Date "2014.04.05"]
[Round "10"]
[Board "1"]
[White "Arztmann, Wolfgang"]
[Black "Mayerhofer, Peter"]
[Result "1/2-1/2"]
[WhiteElo "2194"]
[BlackElo "2202"]
[PlyCount "39"]
[EventDate "2013.10.04"]
[EventType "team"]
[EventRounds "11"]
[EventCountry "AUT"]
[WhiteTeam "SV Raika Rapid Feffernitz II"]
[BlackTeam "SPG Freistadt/Wartberg"]

1. e4 {[%emt 0:00:00]} c5 2. c3 Nf6 3. e5 Nd5 4. Bc4 Qc7 5. Nf3 Nb6 6. Bb3 Nc6
7. d4 cxd4 8. cxd4 e6 9. O-O d6 10. exd6 Bxd6 11. Nc3 a6 12. Re1 O-O 13. a3 Ne7
14. Qd3 Nbd5 15. Bc2 g6 16. Bh6 Rd8 17. Bg5 Rf8 18. Bh6 Rd8 19. Bg5 Rf8 20. Bh6
 1/2-1/2